| 000 | 00000nam 2200000za 4500 |
| 001 | 9.816844 |
| 003 | CaOODSP |
| 005 | 20221107142336 |
| 007 | cr ||||||||||| |
| 008 | 160504s2014 xxc |o||||f|0| 0|fre d |
| 020 | |z978-1-100-54683-4 |
| 040 | |aCaOODSP|bfre |
| 041 | |afre|aeng |
| 043 | |an-cn--- |
| 086 | 1 |aD94-4/2014-PDF |
| 245 | 00|aHug a tree and survive |h[ressource électronique] = |bPour survivre reste près d'un arbre. |
| 246 | 11|aPour survivre reste près d'un arbre |
| 260 | |a[Ottawa] : |bMinistre de la Défense nationale, |c2014. |
| 300 | |a[20] p. : |bills. |
| 500 | |aTitre de la couverture. |
| 500 | |aLe n° de catalogue (D94-4/2014) et l’ISBN (978-1-100-54683-4) de l'édition imprimée bilingue ont été copiés dans l’édition électronique. |
| 546 | |aTexte en français et en anglais. |
| 692 | 07|2gccst|aSurvie |
| 710 | 1 |aCanada.|bSecrétariat national recherche et sauvetage. |
| 791 | |tHug a tree and survive |eeng|w(CaOODSP)9.816841 |
| 856 | 40|s2.64 Mo|uhttps://publications.gc.ca/collections/collection_2016/snrs-nss/D94-4-2014.pdf|qPDF |